000 00822nam a2200229Ia 4500
003 GCL
008 140319s9999 xx 000 0 ara d
040 _aGCL /
_cGCL
082 0 4 _a810.8008
_bا م
100 1 _aحامد عبدالقادر
245 1 0 _aالمختار من كتاب ثمرات الاوراق /
_cحامد عبدالقادر
700 1 _aابن حجة الحموى : تقى الدين ابوبكر بن على بن محمد الازرارى
700 1 _aيعقوب عبدالنبى
300 _a214 ص
490 _a
650 0 4 _aالعصر المملوكى
650 0 4 _aالنوادرالعربية
650 0 4 _aالاهاجى والفكاهات العربية
650 0 4 _aالادب العربى الهزلى
650 0 4 _aالادب العربى - مجموعات
942 _2ddc
_cBK
999 _c47047
_d47047